[Event "Yangon schev"]
[Site "Yangon"]
[Date "1999.01.31"]
[Round "1"]
[White "Liang Jinrong"]
[Black "Htun Htun Than"]
[Result "1/2-1/2"]
[WhiteElo "2470"]
[BlackElo "2499"]

1.e4 c5 2.Nf3 Nc6 3.d4 cxd4 4.Nxd4 Nf6 5.Nc3 d6 6.Bg5 e6 7.Qd2 a6 8.O-O-O Bd7
9.g3 b5 10.Kb1 Be7 11.h4 O-O 12.g4 Rb8 13.Nce2 Ne5 14.Ng3 Nc4 15.Bxc4 bxc4
16.Ka1 Qc7 17.Nh5 c3 18.Qxc3 Qxc3 19.bxc3 Rfc8 20.Rb1 Kf8 21.Rxb8 Rxb8 22.Nxf6 gxf6
23.Bh6+ Ke8 24.Bd2 Ba4 25.Rb1 Rxb1+ 26.Kxb1 Kd7 27.h5 Bd8 28.c4 Bb6 29.Bc3 Bxd4
30.Bxd4 f5 31.gxf5 exf5 32.exf5 Bc6 33.f4 Bf3 34.h6 Kc6 35.Kb2 Be4 36.f6 Bf3
37.Kb3 Be2 38.Kb4 Bf1 39.a4 Be2 40.a5 Bf1 41.Bb6 Be2 42.Kc3 Bf1 43.Kd4 Be2
44.c5 d5 45.Ke5 Bc4 46.c3 Bb3  1/2-1/2

[Event "HUN-ch (Women)"]
[Site "Lillafured"]
[Date "1999.02.02"]
[Round "2"]
[White "Gara, Anita"]
[Black "Grabics, Monika"]
[Result "1/2-1/2"]
[WhiteElo "2288"]
[BlackElo "2329"]

1.e4 c5 2.Nf3 Nc6 3.d4 cxd4 4.Nxd4 Nf6 5.Nc3 d6 6.Bg5 e6 7.Qd2 a6 8.O-O-O h6
9.Be3 Bd7 10.f4 b5 11.Bd3 Qc7 12.Kb1 Na5 13.h3 Nc4 14.Bxc4 Qxc4 15.e5 b4
16.exf6 bxc3 17.fxg7 Bxg7 18.Qxc3 Qxc3 19.bxc3 Rc8 20.Rd3 e5 21.fxe5 dxe5
22.Re1 O-O 23.Ne2 Rb8+ 24.Kc1 Be6 25.a4 Rfc8 26.a5 Rb5 27.Bb6 Bf5 28.Rf3 h5
29.Ng3 Bg6 30.Ne4 Bh6+ 31.Be3 Bxe4 32.Rg3+ Kh7 33.Bxh6 Bg6 34.Bg5 Rxa5 35.Bf6 Ra4
36.Kd2 Ra2 37.Rc1 Rc5 38.Rg5 Rd5+ 39.Ke3 Bxc2 40.Rxe5 Rd3+ 41.Ke2 Rd6 42.Be7 Bg6+
43.Kf3 Rdd2 44.Bc5 Rxg2 45.Bd4 Rh2 46.Kg3 Rag2+ 47.Kf3 h4 48.Re8 Bh5+ 49.Kf4 f6
50.Re7+ Kg6 51.Re6 Rxh3 52.Rxf6+ Kh7 53.Rxa6 Rf3+ 54.Ke5 Bf7 55.Ke4 Rfg3
56.Ra7 Kg6 57.Rb1 Rg4+ 58.Ke3 R2g3+ 59.Kd2 Rg2+ 60.Ke3 R4g3+ 61.Ke4 Rg4+  1/2-1/2

[Event "Koltanowski Team Match"]
[Site "San Francisco"]
[Date "1999.02.03"]
[Round "2"]
[White "Ziatdinov, Raset"]
[Black "Lobo, Richard"]
[Result "1-0"]
[WhiteElo "2511"]
[BlackElo "2277"]

1.e4 c5 2.Nf3 d6 3.d4 cxd4 4.Nxd4 Nf6 5.Nc3 Nc6 6.Bg5 e6 7.Qd2 a6 8.O-O-O h6
9.Be3 Bd7 10.Kb1 Be7 11.f3 b5 12.Nxc6 Bxc6 13.Bd3 Nd7 14.Rhe1 Rc8 15.Bf1 Bb7
16.Ne2 Qc7 17.Ng3 O-O 18.Nh5 Rfd8 19.Bd3 Bf8 20.g4 d5 21.g5 hxg5 22.Bxg5 f6
23.Be3 dxe4 24.fxe4 Nc5 25.Bxc5 Qxc5 26.Nf4 Qb6 27.Qe2 Rc5 28.Rg1 Rg5 29.Rxg5 fxg5
30.Ng6 Qd4 31.Rf1 Bd6 32.e5  1-0

[Event "Budapest FS02 GM"]
[Site "Budapest"]
[Date "1999.02.07"]
[Round "2"]
[White "Nguyen Anh Dung"]
[Black "Chernyshov, Konstantin"]
[Result "0-1"]
[WhiteElo "2485"]
[BlackElo "2488"]

1.e4 c5 2.Nf3 Nc6 3.d4 cxd4 4.Nxd4 Nf6 5.Nc3 d6 6.Bg5 e6 7.Qd2 a6 8.O-O-O h6
9.Bf4 Bd7 10.Nxc6 Bxc6 11.f3 Qa5 12.Kb1 Rd8 13.Bc4 Be7 14.Bb3 b5 15.a3 Qb6
16.Rhe1 a5 17.Qe3 Qxe3 18.Bxe3 b4 19.axb4 axb4 20.Na2 d5 21.exd5 Nxd5 22.Bd2 Rb8
23.Bxd5 Bxd5 24.Nxb4 Rxb4 25.Bxb4 Bxb4 26.c3 Be7 27.Kc2 f5 28.b3 Kf7 29.c4 Bc6
30.Ra1 Rc8 31.Ra6 g5 32.h3 h5 33.Re2 Bb4 34.Ra7+ Kf6 35.Rh7 Kg6 36.Ra7 Kf6
37.Rh7 e5 38.Rh6+ Kg7 39.Rxc6 Rxc6 40.Rxe5 Kf6 41.Rb5 Be1 42.g4 fxg4 43.fxg4 h4
44.Rf5+ Kg6 45.Kd3 Rb6 46.Kc2 Rd6 47.Re5 Bb4 48.Rb5 Rd2+ 49.Kc1 Bc3 50.c5 Rh2
51.c6 Bd2+ 52.Kd1 Bf4 53.Rc5 Bc7 54.Rc3 Kf6 55.Ke1 Ke6 56.Kf1 Rb2 57.Rc5 Kf6
58.Rc3 Ke5 59.Kg1 Kd4 60.Rc4+ Kd3 61.Kf1 Rxb3 62.Rc5 Ke3 63.Kg2 Rb2+ 64.Kg1 Ra2
65.Kf1 Ra5 66.Rc2 Kd4 67.Rd2+ Kc5 68.Rc2+ Kb6 69.Kg2 Ra3  0-1

[Event "RUS-Cup03 (Geller mem)"]
[Site "Moscow"]
[Date "1999.02.07"]
[Round "6"]
[White "Kobalija, Mihail"]
[Black "Korotylev, Alexey"]
[Result "1-0"]
[WhiteElo "2537"]
[BlackElo "2440"]

1.e4 c5 2.Nf3 Nc6 3.d4 cxd4 4.Nxd4 Nf6 5.Nc3 d6 6.Bg5 e6 7.Qd2 a6 8.O-O-O h6
9.Be3 Bd7 10.f4 Qc7 11.Kb1 b5 12.Bd3 Na5 13.Qe1 Nc4 14.Bxc4 Qxc4 15.e5 dxe5
16.fxe5 Nd5 17.Nxd5 Qxd5 18.Qg3 Qe4 19.Rhf1 g5 20.Qf2 Rh7 21.Qd2 Qxe5 22.Nf3 Qc7
23.Bb6 Qb7 24.Ne5 Bc6 25.Nxc6 Qxc6 26.Ba5 Be7 27.Rf3 Rc8 28.Rc3 Qb7 29.Qd3 Rg7
30.Qd4 Rg8 31.Qa7 Qxa7 32.Rxc8+ Bd8 33.Rcxd8+ Ke7 34.Rxg8 e5 35.g4  1-0

[Event "RUS-Cup03 (Geller mem)"]
[Site "Moscow"]
[Date "1999.02.08"]
[Round "7"]
[White "Saulin, Dmitri"]
[Black "Iskusnyh, Sergei"]
[Result "0-1"]
[WhiteElo "2427"]
[BlackElo "2486"]

1.e4 c5 2.Nf3 Nc6 3.d4 cxd4 4.Nxd4 Nf6 5.Nc3 d6 6.Bg5 e6 7.Qd2 Be7 8.O-O-O Nxd4
9.Qxd4 a6 10.f4 b5 11.Bxf6 gxf6 12.e5 d5 13.Kb1 Rg8 14.f5 b4 15.exf6 Bxf6
16.Qxb4 Qc7 17.fxe6 fxe6 18.Be2 Rb8 19.Nxd5 exd5 20.Bh5+ Rg6 21.Bxg6+ hxg6
22.Qe1+ Kf7 23.b3 Bf5 24.Qd2 Kg7 25.Rhe1 Rc8 26.Re2 Bg4 27.Rde1 Bxe2 28.Rxe2 Qxh2
29.g4 Qg1+ 30.Re1 Qg3 31.Rh1 Rh8 32.Qxd5 Rxh1+ 33.Qxh1 Qxg4  0-1

[Event "Goodricke 10th op"]
[Site "Calcutta"]
[Date "1999.02.10"]
[Round "5"]
[White "Vishveswaran, K."]
[Black "Ramesh, RB."]
[Result "0-1"]
[WhiteElo "2270"]
[BlackElo "2390"]

1.e4 c5 2.Nf3 Nc6 3.d4 cxd4 4.Nxd4 Nf6 5.Nc3 d6 6.Bg5 e6 7.Qd2 a6 8.O-O-O Nxd4
9.Qxd4 Be7 10.f4 b5 11.Bxf6 gxf6 12.f5 Qa5 13.Kb1 Bb7 14.Bd3 b4 15.Ne2 e5
16.Qe3 Qc5 17.Qxc5 dxc5 18.Ng3 h5 19.Rhe1 Rd8 20.b3 Bf8 21.Re2 h4 22.Nf1 Bh6
23.Nd2 Bxd2 24.Rdxd2 Ke7 25.Re3 Rhg8 26.Rde2 Rg4 27.Rf3 Rd4 28.Rfe3 a5 29.Kb2 a4
30.a3 Rg8 31.axb4 Rxb4 32.Bc4 Bc6 33.g3 axb3 34.cxb3 hxg3 35.Rxg3 Rxg3 36.hxg3 Rb8
37.Kc3 Rd8 38.Ra2 Bxe4 39.Ra5 Bxf5 40.Rxc5 Rg8 41.Rc7+ Kd6 42.Rxf7 Rxg3+
43.Kd2 Rg6 44.Ra7 Bc8 45.Ra8 Bb7 46.Rb8 Be4 47.Ke3 f5 48.b4 Rg3+ 49.Kf2 Rc3
50.Bg8 Rc2+ 51.Ke3 Bc6 52.Kd3 Rg2 53.Bh7 f4 54.b5 Kc7 55.Rf8 Bxb5+ 56.Ke4 Re2+
57.Kd5 Bc6+ 58.Kc5 Rd2 59.Bf5 Rd5+ 60.Kc4 Rd8 61.Rf7+ Kb6 62.Re7 Bb5+ 63.Kb4 Rd4+
64.Kc3 Rd5 65.Be4 Rc5+ 66.Kd2 Ka5 67.Re6 Bc4 68.Re7 Kb4 69.Re8 Ra5 70.Bb7 Bd5
71.Bxd5 Rxd5+ 72.Ke2 Kc4 73.Rc8+ Kd4 74.Kf3 Rd7 75.Ra8 Kd5 76.Ra6 Rc7 77.Kg4 Rg7+
78.Kf3 Rg3+ 79.Ke2 Rc3 80.Ra8 Kd4 81.Kf2 Rd3 82.Ra4+ Kd5 83.Ra5+ Ke4 84.Ra4+ Kf5
85.Ra5 f3 86.Kg3 Rb3 87.Rc5 Ke4 88.Ra5 Rc3 89.Rb5 Kd4 90.Rb4+ Ke3 91.Rb8 e4
92.Re8 Rc2 93.Rf8 Rg2+ 94.Kh3 Rg6  0-1

[Event "Yangon schev"]
[Site "Yangon"]
[Date "1999.02.10"]
[Round "11"]
[White "Moun Moun Latt"]
[Black "Aung Thant Zin"]
[Result "0-1"]
[WhiteElo "2554"]
[BlackElo "2410"]

1.e4 c5 2.Nf3 Nc6 3.d4 cxd4 4.Nxd4 Nf6 5.Nc3 d6 6.Bg5 e6 7.Qd2 a6 8.O-O-O h6
9.Be3 Bd7 10.f4 Qc7 11.Be2 Be7 12.Kb1 b5 13.Bf3 Nxd4 14.Qxd4 e5 15.Qd2 O-O
16.fxe5 dxe5 17.Nd5 Nxd5 18.Qxd5 Be6 19.Qd2 a5 20.h4 a4 21.g4 Rfd8 22.Qf2 a3
23.b3 Qc3 24.Bc1 Bc5 25.Qe2 Bd4 26.Rxd4 Rxd4 27.g5 Rad8  0-1

[Event "RUS-Cup03 (Geller mem)"]
[Site "Moscow"]
[Date "1999.02.13"]
[Round "4"]
[White "Rodin, Mihail"]
[Black "Akhmadeev, Vadim"]
[Result "0-1"]
[WhiteElo "2391"]
[BlackElo "2467"]

1.e4 c5 2.Nf3 d6 3.d4 cxd4 4.Nxd4 Nf6 5.Nc3 Nc6 6.Bg5 e6 7.Qd2 a6 8.O-O-O h6
9.Be3 Be7 10.f4 Nxd4 11.Bxd4 b5 12.Bd3 b4 13.Ne2 Qa5 14.Kb1 e5 15.Be3 Be6
16.b3 Rc8 17.Qe1 d5 18.fxe5 dxe4 19.Bc4 Qxe5 20.Bd4 Qa5 21.Bxe6 fxe6 22.c4 bxc3
23.Bxc3 Qc7 24.Rc1 Qd7 25.Qg3 Qd3+ 26.Qxd3 exd3 27.Nf4 Ne4 28.Bxg7 Rxc1+
29.Rxc1 Rh7 30.Be5 d2 31.Rd1 Bg5 32.Kc2 Rd7 33.b4 Rd8 34.g3 Rc8+ 35.Kb3 Rc1  0-1

[Event "Goodricke 10th op"]
[Site "Calcutta"]
[Date "1999.02.14"]
[Round "9"]
[White "Prasenjit, Datta"]
[Black "Murugan, Krishnamoorthy"]
[Result "0-1"]
[WhiteElo "2220"]
[BlackElo "2385"]

1.e4 c5 2.Nf3 Nc6 3.d4 cxd4 4.Nxd4 Nf6 5.Nc3 d6 6.Bg5 e6 7.Qd2 a6 8.O-O-O h6
9.Bh4 Nxe4 10.Qf4 Ng5 11.Nxc6 bxc6 12.Ne4 e5 13.Qe3 Qc7 14.Bxg5 hxg5 15.Qxg5 d5
16.Nd2 Be6 17.Bd3 e4 18.Be2 Rb8 19.f3 Bd6 20.g3 Be5 21.b3 Bf6 22.Qf4 Be5
23.Qg5 exf3 24.Nxf3 Bf6 25.Qf4 Qxf4+ 26.gxf4 Rb4 27.Bxa6 Rxf4 28.Ne1 Ke7
29.a4 Kd6 30.Rd2 Bg5 31.Kd1 Re4 32.Rg2 Bg4+ 33.Be2 Rxe2 34.Rxg4 Rd2+ 35.Kc1 Rdxh2+  0-1

[Event "RUS-Cup03 (Geller mem)"]
[Site "Moscow"]
[Date "1999.02.14"]
[Round "5"]
[White "Goloshchapov, Alexander"]
[Black "Sherbakov, Ruslan"]
[Result "1/2-1/2"]
[WhiteElo "2446"]
[BlackElo "2559"]

1.e4 c5 2.Nf3 Nc6 3.d4 cxd4 4.Nxd4 Nf6 5.Nc3 d6 6.Bg5 e6 7.Qd2 Be7 8.O-O-O O-O
9.f4 Nxd4 10.Qxd4 Qa5 11.Kb1 h6 12.h4 Rd8 13.Be2 Bd7 14.Rd3 Bc6 15.Rg3 Kf8
16.Bd3 hxg5 17.hxg5 Qb6 18.gxf6 Bxf6 19.Qxb6 axb6 20.Nb5 Ke7 21.b3 Rh8 22.Rgh3 Rxh3
23.Rxh3 g5 24.g3 gxf4 25.gxf4 Rg8 26.Rh1 Rg3 27.Na7 Bd7 28.a4 Rf3  1/2-1/2

[Event "RUS-Cup03 (Geller mem)"]
[Site "Moscow"]
[Date "1999.02.14"]
[Round "5"]
[White "Maiorov, Oleg"]
[Black "Kiselev, Sergey"]
[Result "0-1"]
[WhiteElo "2400"]
[BlackElo "2500"]

1.e4 c5 2.Nf3 Nc6 3.d4 cxd4 4.Nxd4 Nf6 5.Nc3 d6 6.Bg5 e6 7.Qd2 a6 8.O-O-O h6
9.Bh4 Nxe4 10.Qf4 Ng5 11.Nxc6 bxc6 12.Qa4 Qb6 13.Bd3 Be7 14.f4 Nh7 15.Bxe7 Kxe7
16.Bxh7 Rxh7 17.Qa3 Qc5 18.Qxc5 dxc5 19.Ne4 g5 20.fxg5 hxg5 21.Nxg5 Rg7 22.h4 f6
23.Ne4 Rxg2 24.h5 e5 25.Rdf1 f5 26.h6 Be6 27.h7 Rh8 28.Nxc5 Bf7 29.Rh6 Bg6
30.Rd1 f4 31.Rd7+ Kf6 32.Nd3 Kg5 33.Rh1 e4 34.Ne5 f3 35.Kd1 Rxh7 36.Rdxh7 Bxh7
37.Rxh7 Rg1+ 38.Kd2 f2 39.Rg7+ Kh5 40.Rh7+ Kg5 41.Rg7+ Kh6 42.Ng4+ Kxg7 43.Nxf2 Rg2
44.Ke3 Kg6 45.b4 Kf5 46.Nxe4 Rxc2 47.a4 Re2+ 48.Kxe2 Kxe4 49.b5 cxb5  0-1

[Event "St Helier Tohmatsu op"]
[Site "St Helier"]
[Date "1999.02.20"]
[Round "7"]
[White "Jackson, Adrian"]
[Black "Farndon, David Alexander"]
[Result "1/2-1/2"]
[WhiteElo "2208"]
[BlackElo "2263"]

1.e4 c5 2.Nf3 Nc6 3.d4 cxd4 4.Nxd4 Nf6 5.Nc3 d6 6.Bg5 e6 7.Qd2 a6 8.O-O-O Nxd4
9.Qxd4 Be7 10.f4 Qc7 11.Bxf6 gxf6 12.g3 b5 13.f5 Qc5 14.Bh3 b4 15.Na4 Qxd4
16.Rxd4 Rb8 17.b3 e5 18.Rd2 Bb7 19.Bg2 Bc6 20.Nb2 Kd7 21.Rhd1 Kc7 22.Nc4 Rhd8
23.Kb2 Rb5 24.Ne3 Rc5 25.Nd5+ Bxd5 26.Rxd5 Rg8 27.Bf3 Rg5 28.R5d3 Kc6 29.c3 bxc3+
30.Rxc3 Rxc3 31.Kxc3 Bd8 32.g4 a5 33.b4 axb4+ 34.Kxb4 Bb6 35.a4 Bc5+ 36.Kb3 Rg8
37.Be2 Kb6 38.Rd3 h6 39.Rh3 Rh8 40.Bc4 Rh7 41.Bd5 Ka5 42.Rg3 Rg7 43.Bc4 Bf2
44.Rg2 Bd4 45.h4 Rh7 46.h5 Rg7 47.Bb5 Rg8 48.Kc4 Rc8+ 49.Kd5 Bc5 50.Rc2  1/2-1/2

[Event "Zuglo Hotel op"]
[Site "Budapest"]
[Date "1999.02.24"]
[Round "6"]
[White "Erdelyi, Zs"]
[Black "Balogh, Csaba"]
[Result "0-1"]
[WhiteElo "2116"]
[BlackElo "2135"]

1.e4 c5 2.Nf3 d6 3.d4 cxd4 4.Nxd4 Nf6 5.Nc3 Nc6 6.Bg5 e6 7.Qd2 a6 8.O-O-O Bd7
9.f4 b5 10.a3 Qb6 11.Bxf6 gxf6 12.f5 Nxd4 13.Qxd4 Bh6+ 14.Kb1 Qxd4 15.Rxd4 Bf4
16.Rd1 Be5 17.Bd3 Rg8 18.g3 Rg4 19.Ne2 Bc6 20.h3 Rg5 21.Rhg1 Ke7 22.c3 h5
23.Kc2 Rag8 24.a4 bxa4 25.Ra1 Bxg3 26.Nd4 Bd7 27.Bxa6 Be5 28.Rxg5 Rxg5 29.Bb5 Rg2+
30.Kb1 Rg1+ 31.Ka2 Rxa1+ 32.Kxa1 Bxd4 33.Bxd7 Kxd7 34.cxd4 d5 35.exd5 exf5
36.Kb1 Kd6 37.Kc2 Kxd5 38.Kd3 f4 39.h4 f5 40.Kc3 f3 41.Kd3 f4  0-1

[Event "AUT-chT2M 9899"]
[Site "Austria"]
[Date "1999.02.27"]
[Round "8"]
[White "Wegener, Dirk"]
[Black "Juergens, Klaus"]
[Result "1-0"]
[WhiteElo "2305"]
[BlackElo "2235"]

1.e4 c5 2.Nf3 Nc6 3.d4 cxd4 4.Nxd4 Nf6 5.Nc3 d6 6.Bg5 e6 7.Qd2 a6 8.O-O-O h6
9.Be3 Bd7 10.f3 b5 11.Kb1 Ne5 12.Qe1 Qc7 13.Bd3 Rb8 14.f4 Nc4 15.Bc1 b4 16.Nce2 a5
17.Rf1 a4 18.e5 Nd5 19.f5 b3 20.cxb3 axb3 21.fxe6 bxa2+ 22.Ka1 Bxe6 23.Nxe6 fxe6
24.Bg6+ Kd8 25.Nd4 Qb6 26.Nxe6+ Kc8 27.Rxd5 Qb3 28.Qh4 Kb7 29.Rf7+ Kb6 30.Qf2+  1-0

[Event "EST-chT"]
[Site "Tallinn"]
[Date "1999.02.27"]
[Round "2"]
[White "Zjukin, Sergei"]
[Black "Krupenski, Juri"]
[Result "1-0"]
[WhiteElo "2398"]
[BlackElo "2171"]

1.e4 c5 2.Nf3 d6 3.d4 cxd4 4.Nxd4 Nf6 5.Nc3 Nc6 6.Bg5 e6 7.Qd2 a6 8.O-O-O h6
9.Bf4 Bd7 10.Nxc6 Bxc6 11.Qe1 Qa5 12.f3 Rd8 13.h4 b5 14.a3 Qb6 15.Nd5 Bxd5
16.exd5 e5 17.Be3 Qc7 18.Qd2 Be7 19.g4 e4 20.Be2 exf3 21.Bxf3 Nd7 22.Bd4 Ne5
23.Qe3 Nxf3 24.Qxf3 O-O 25.g5 hxg5 26.Rdg1 f6 27.hxg5 fxg5 28.Qe4  1-0

[Event "BL9899 (Women)"]
[Site "Germany"]
[Date "1999.02.28"]
[Round "9.2"]
[White "Heyme, Sibylle"]
[Black "Madl, Ildiko"]
[Result "0-1"]
[WhiteElo "2109"]
[BlackElo "2409"]

1.e4 c5 2.Nf3 d6 3.d4 cxd4 4.Nxd4 Nf6 5.Nc3 Nc6 6.Bg5 e6 7.Qd2 a6 8.O-O-O Bd7
9.f3 Be7 10.h4 Rc8 11.Kb1 b5 12.Nxc6 Bxc6 13.Bd3 Bb7 14.g4 h5 15.gxh5 Nxh5
16.Rhg1 Nf6 17.Rde1 g6 18.f4 d5 19.exd5 Nxd5 20.Nxd5 Bxd5 21.Bxe7 Kxe7 22.f5 gxf5
23.Qe3 Rxh4 24.Bxf5 Bxa2+ 25.Kc1 Qd4 26.Rg3 Qxe3+ 27.Rgxe3 Bd5 28.Rd1 Bc6
29.Rf1 Rh1 30.Rxh1 Bxh1 31.Bg4 Rc4 32.Be2 Re4  0-1

[Event "BL2-W9899"]
[Site "Germany"]
[Date "1999.03.07"]
[Round "7.7"]
[White "Emunds, Hans Georg"]
[Black "Pernutz, Hans Gerhard"]
[Result "0-1"]
[WhiteElo "2185"]
[BlackElo "2205"]

1.e4 c5 2.Nf3 Nc6 3.d4 cxd4 4.Nxd4 Nf6 5.Nc3 d6 6.Bg5 e6 7.Qd2 a6 8.O-O-O Bd7
9.f4 b5 10.Bxf6 gxf6 11.Nxc6 Bxc6 12.Qe1 Be7 13.Bd3 Qb6 14.Kb1 b4 15.Ne2 a5
16.Qg3 Kf8 17.Qh3 h6 18.Rhf1 a4 19.Rd2 Ra5 20.g4 b3 21.a3 bxc2+ 22.Rxc2 Qb7
23.Rcc1 Rc5 24.Rxc5 dxc5 25.Nc3 Kg7 26.Qg2 Rb8 27.Bc4 Rd8 28.Re1 Rd4 29.Ba2 Bd8
30.Kc1 Ba5 31.Bb1 Qb3 32.Qc2 Bxc3 33.bxc3 Qxa3+ 34.Qb2 Qxb2+ 35.Kxb2 Rd2+
36.Ka3 Rxh2 37.Rd1 Re2  0-1

[Event "BL2-N9899"]
[Site "Germany"]
[Date "1999.03.07"]
[Round "7.2"]
[White "Breyther, Ruediger"]
[Black "Lipinsky, Fabian"]
[Result "1/2-1/2"]
[WhiteElo "2390"]
[BlackElo "2390"]

1.e4 c5 2.Nf3 d6 3.d4 cxd4 4.Nxd4 Nf6 5.Nc3 Nc6 6.Bg5 e6 7.Qd2 a6 8.O-O-O Nxd4
9.Qxd4 Be7 10.f4 b5 11.Bxf6 gxf6 12.Bd3 Qc7 13.Rhe1 Qc5 14.Bf1 Bb7 15.Kb1 Qxd4
16.Rxd4 Bd8 17.g3 Ke7 18.Red1 Bc7 19.a4 bxa4 20.Rxa4 Rhb8 21.Rad4 Bc8 22.Bg2 Ra7
23.Kc1 a5 24.Bf1 Bd7 25.b3 Rb4 26.Kb2 Rab7 27.Rxb4 Rxb4 28.Bc4 Bc6 29.Re1 Kd7
30.Re2 Rb8 31.Kc1 Bb6 32.Bb5 h5 33.Bxc6+ Kxc6 34.Kd2 h4 35.gxh4 Rh8 36.Rg2 Rxh4
37.Ne2 e5 38.fxe5 fxe5 39.Ng3 d5 40.Kd3 dxe4+ 41.Nxe4 Kd5 42.c4+ Kc6 43.Rg5 Rh3+
44.Rg3 Rh5 45.Nf6 Rxh2 46.Ng4 Rh5 47.Rf3 Bd4 48.Rxf7 Rg5 49.Nh2 Kc5 50.Nf3 Rg3
51.Rf8 Kd6 52.Ke4 Rg5 53.Kd3 Rg3 54.Ke4 Rg4+ 55.Kd3 Rg3  1/2-1/2

[Event "Victor Ciocaltea Memorial"]
[Site "Bucharest"]
[Date "1999.03.08"]
[Round "5"]
[White "Iordachescu, Viorel"]
[Black "Vukovic, Zdravko"]
[Result "0-1"]
[WhiteElo "2539"]
[BlackElo "2483"]

1.e4 c5 2.Nf3 Nc6 3.d4 cxd4 4.Nxd4 Nf6 5.Nc3 d6 6.Bg5 e6 7.Qd2 Be7 8.O-O-O Nxd4
9.Qxd4 a6 10.f4 O-O 11.Be2 b5 12.Bxf6 gxf6 13.Bf3 Bb7 14.f5 Rc8 15.Kb1 Rc4
16.Qd3 Qc7 17.Ne2 e5 18.Ng3 Kh8 19.Nh5 Rc8 20.Rc1 b4 21.g4 a5 22.Qd2 Qd8
23.h4 Bxe4 24.Bxe4 Rxe4 25.g5 fxg5 26.Qd5 Rxh4 27.Qxf7 Qf8 28.Qe6 Rcc4 29.f6 Bd8
30.Rhf1 Rc7 31.Ng7 Rf7 32.Ne8 Rf4 33.Rfd1 Bxf6 34.Nxd6 Re7 35.Qd5 e4 36.Re1 e3
37.Qxa5 Bg7 38.Qxg5 Re6 39.Nb5 Re5 40.Qg3 Rxb5 41.Rxe3 Re5  0-1

[Event "Victor Ciocaltea Memorial"]
[Site "Bucharest"]
[Date "1999.03.08"]
[Round "5"]
[White "Marjanovic, Slavoljub"]
[Black "Conquest, Stuart"]
[Result "0-1"]
[WhiteElo "2451"]
[BlackElo "2488"]

1.e4 c5 2.Nf3 d6 3.d4 cxd4 4.Nxd4 Nf6 5.Nc3 Nc6 6.Bg5 e6 7.Qd2 a6 8.O-O-O Bd7
9.f4 b5 10.Bxf6 gxf6 11.Kb1 Qb6 12.Nce2 Na5 13.b3 Rb8 14.Ka1 h5 15.g3 Bg7
16.Bg2 Rc8 17.Rhf1 O-O 18.c3 f5 19.exf5 exf5 20.Bh3 b4 21.Bxf5 Bxf5 22.Nxf5 Nxb3+
23.axb3 Qa5+ 24.Kb1 Qxf5+ 25.Qc2 Qa5 26.Rf3 Rfe8 27.Rfd3 bxc3 28.Nc1 Rc6
29.Rd5 Qa3 30.Rxh5 Rb8 31.Rg5 Kf8 32.Rxg7 Kxg7 33.Rd3 Rbc8 34.Na2 a5 35.f5 a4
36.f6+ Kf8 37.b4 Qb3+ 38.Kc1 d5 39.Kd1 Rxf6 40.Rxc3  0-1

[Event "Budapest FS03 IM"]
[Site "Budapest"]
[Date "1999.03.10"]
[Round "5"]
[White "Toth, Andras"]
[Black "Turzo, Attila"]
[Result "0-1"]
[WhiteElo "2301"]
[BlackElo "2314"]

1.e4 c5 2.Nf3 Nc6 3.d4 cxd4 4.Nxd4 Nf6 5.Nc3 d6 6.Bg5 e6 7.Qd2 a6 8.O-O-O Bd7
9.f4 b5 10.Bxf6 gxf6 11.Nxc6 Bxc6 12.Qe1 Be7 13.Bd3 Qb6 14.Kb1 Qc5 15.f5 Kd7
16.Qh4 h5 17.Qh3 Rhg8 18.fxe6+ fxe6 19.Nd5 Rg4 20.Rhf1 exd5 21.Be2 Rg8 22.Bxg4+ hxg4
23.Qh7 Rg5 24.Rf5 Qe3 25.h4 gxh3 26.Rxg5 fxg5 27.exd5 Bxd5 28.gxh3 Qe2 29.Rc1 Qc4
30.b3 Qc3 31.Rd1 Be6 32.Qe4 Bf6 33.Qb7+ Ke8 34.Qb8+ Kf7 35.Kc1 Bf5 36.Qa7+ Kg6
37.Qf2 Qb2+  0-1

[Event "Manhattan March Int"]
[Site "New York"]
[Date "1999.03.11"]
[Round "6"]
[White "Shahade, Gregory"]
[Black "Burnett, Ronald"]
[Result "1/2-1/2"]
[WhiteElo "2386"]
[BlackElo "2420"]

1.e4 c5 2.Nf3 Nc6 3.d4 cxd4 4.Nxd4 Nf6 5.Nc3 d6 6.Bg5 e6 7.Qd2 a6 8.O-O-O h6
9.Be3 Be7 10.f4 Qc7 11.Kb1 Nxd4 12.Bxd4 b5 13.Bd3 b4 14.Ne2 e5 15.Be3 d5
16.fxe5 Nxe4 17.Bxe4 dxe4 18.Nf4 Qxe5 19.Nd5 Bb7 20.Nxe7 Qxe7 21.Bc5 Qxc5
22.Qd7+ Kf8 23.Qxb7 Re8 24.Rhf1 f6 25.Rd7 Qg5 26.Rf4 Kg8 27.h3 h5 28.Rf5 Qg6
29.Qd5+ Kf8 30.Qd6+ Kg8 31.Qd5+ Kf8 32.Qd6+ Kg8  1/2-1/2

[Event "AUT-chT2M 9899"]
[Site "Austria"]
[Date "1999.03.14"]
[Round "11"]
[White "Wegener, Dirk"]
[Black "Wirius, Stefan"]
[Result "0-1"]
[WhiteElo "2305"]
[BlackElo "2285"]

1.e4 c5 2.Nf3 d6 3.d4 cxd4 4.Nxd4 Nf6 5.Nc3 Nc6 6.Bg5 e6 7.Qd2 a6 8.O-O-O Bd7
9.f4 h6 10.Bh4 g5 11.fxg5 Ng4 12.Be2 Nge5 13.Nf3 Be7 14.Bg3 hxg5 15.Rhf1 b5
16.a3 Rb8 17.Kb1 Rb7 18.Nxe5 Nxe5 19.Nd5 exd5 20.Bxe5 dxe5 21.Qxd5 Qb6 22.Qxf7+ Kd8
23.Qg7 Rh6 24.Rf7 Re6 25.Bg4 b4 26.Bxe6 Qxe6 27.axb4 Rxb4 28.Rf3 Kc7 29.Qf7 Qxf7
30.Rxf7 Kd8 31.Rg7 Rd4 32.Rxd4 exd4 33.Rg6 Bb5 34.e5 Ke8 35.e6 Kf8 36.Kc1 Bc6
37.h4 Be4 38.Rxg5 Bxg5+ 39.hxg5 Ke7 40.Kd2 Kxe6 41.c3 d3 42.Ke3 Bg6  0-1

[Event "NRW-Liga I 9899"]
[Site "GER"]
[Date "1999.03.16"]
[Round "7"]
[White "Meijers, Viesturs"]
[Black "Schischke, Reinhard"]
[Result "1-0"]
[WhiteElo "2410"]
[BlackElo "2290"]

1.e4 c5 2.Nf3 Nc6 3.d4 cxd4 4.Nxd4 Nf6 5.Nc3 d6 6.Bg5 e6 7.Qd2 a6 8.Be2 Be7
9.O-O O-O 10.Rad1 Bd7 11.Nb3 b5 12.a3 Rc8 13.Bxf6 Bxf6 14.Qxd6 Qb6 15.Qc5 Qb8
16.Qe3 Rfd8 17.Nc5 Qa7 18.Nxd7 Rxd7 19.Rxd7 Qxd7 20.Rd1 Bd4 21.Rd2 Qa7 22.Qg3 Be5
23.Qh3 Nd4 24.Bd3 Bf4 25.Rd1 Qc5 26.Kf1 Be5 27.Qe3 Bf6 28.f4 Qh5 29.e5 Rxc3
30.Rd2 Nf5 31.Qb6 Rc8 32.exf6 gxf6 33.Kg1 Nh4 34.Qxa6 Rc5 35.Be4 Qg4 36.Rd8+ Kg7
37.Qd6 f5 38.Qf8+ Kf6 39.Qxc5 fxe4 40.Qe5+ Ke7 41.Qd6+ Kf6 42.Qe5+ Ke7 43.Qc7+ Kf6
44.g3 Qe2 45.Qe5+ Ke7 46.Qd6+ Kf6 47.Qd4+ Ke7 48.gxh4 Qe1+ 49.Kg2 e3 50.Qd6+ Kf6
51.Qe5+ Ke7 52.Qc7+ Kf6 53.Qc3+  1-0

[Event "Spring Festival 15th"]
[Site "Budapest"]
[Date "1999.03.17"]
[Round "1"]
[White "Karatorossian, David"]
[Black "Lukacs, Jozsef"]
[Result "1-0"]
[WhiteElo "2348"]
[BlackElo "2104"]

1.e4 c5 2.Nf3 Nc6 3.d4 cxd4 4.Nxd4 Nf6 5.Nc3 d6 6.Bg5 a6 7.Qd2 Nxd4 8.Qxd4 e5
9.Qd2 Qa5 10.Bxf6 gxf6 11.Nd5 Qxd2+ 12.Kxd2 Bh6+ 13.Ke1 O-O 14.Nxf6+ Kg7
15.Nd5 f5 16.Bd3 f4 17.f3 Bg5 18.Bc4 Bd8 19.Bb3 Bd7 20.Rd1 Rc8 21.c3 a5 22.a3 Bb5
23.Rd2 Bc6 24.Kd1 b5 25.Ke2 Bb7 26.Rc1 Rc5 27.Ba2 Bxd5 28.Rxd5 Rxd5 29.Bxd5 Bb6
30.Bc6 Rb8 31.Rd1 Bc7 32.b4 Rb6 33.Bd7 axb4 34.axb4 Kf6 35.Rd5 Ke7 36.Bxb5 Rb8
37.Bc4 Ra8 38.Rd1 Bb6 39.Kd3 Kd7 40.Bd5 Ra7 41.g4 Ke7 42.g5 Kf8 43.h4 Kg7
44.h5 h6 45.g6 Bf2 46.Rd2 Be3 47.Ra2 Re7 48.Ra6 Rd7 49.b5  1-0

[Event "Novgorod op"]
[Site "Novgorod"]
[Date "1999.03.19"]
[Round "10"]
[White "Dvoirys, Semen I"]
[Black "Iskusnyh, Sergei"]
[Result "1/2-1/2"]
[WhiteElo "2562"]
[BlackElo "2486"]

1.e4 c5 2.Nf3 Nc6 3.d4 cxd4 4.Nxd4 Nf6 5.Nc3 d6 6.Bg5 e6 7.Qd2 Be7 8.O-O-O Nxd4
9.Qxd4 a6 10.f4 b5 11.Be2 Bb7 12.Bf3 Rc8 13.e5 Bxf3 14.gxf3 dxe5 15.Qxd8+  1/2-1/2

[Event "Bled op"]
[Site "Bled"]
[Date "1999.03.21"]
[Round "2"]
[White "Balinov, Ilija"]
[Black "Kozul, Zdenko"]
[Result "0-1"]
[WhiteElo "2434"]
[BlackElo "2585"]

1.e4 c5 2.Nf3 d6 3.d4 cxd4 4.Nxd4 Nf6 5.Nc3 Nc6 6.Bg5 e6 7.Qd2 a6 8.O-O-O Bd7
9.f4 b5 10.Bxf6 gxf6 11.Kb1 Qb6 12.Nce2 Rc8 13.f5 Nxd4 14.Nxd4 e5 15.Ne2 b4
16.Ng3 h5 17.h4 a5 18.Be2 Ke7 19.Nxh5 Bh6 20.Nxf6 Qc6 21.Nd5+ Kf8 22.Qd3 Qc5
23.g4 Bb5 24.g5 Bxd3 25.Bxd3 a4 26.f6 a3 27.Ne7 Ra8 28.Nf5 axb2 29.Kxb2 Qc3+
30.Kb1 b3 31.cxb3 Bxg5 32.hxg5 Rxh1 33.Rxh1 Qxd3+ 34.Ka1 Ke8 35.Rh8+ Kd7
36.Rxa8 Qxe4 37.Ra7+ Kd8 38.g6 fxg6 39.Ne7 Ke8 40.f7+ Kxf7  0-1

[Event "Spring Festival 15th"]
[Site "Budapest"]
[Date "1999.03.22"]
[Round "6"]
[White "Semenova, Irina"]
[Black "Bu Xiangzhi"]
[Result "1-0"]
[WhiteElo "2268"]
[BlackElo "2365"]

1.e4 c5 2.Nf3 Nc6 3.d4 cxd4 4.Nxd4 Nf6 5.Nc3 d6 6.Bg5 e6 7.Qd2 a6 8.O-O-O h6
9.Be3 Ng4 10.Nxc6 bxc6 11.Bc5 d5 12.Bxf8 Kxf8 13.h3 Nf6 14.Qe3 Qe7 15.f4 Rb8
16.a3 Bb7 17.Be2 c5 18.exd5 Nxd5 19.Qe5 Re8 20.Bf3 Nxc3 21.Qxc3 Bxf3 22.Qxf3 g6
23.Qc6 Kg7 24.Qxa6 e5 25.fxe5 Qg5+ 26.Kb1 Rxe5 27.Rhf1 Rf8 28.Rf2 Re6 29.Qc4 Qe7
30.Qc3+ Kg8 31.Rdf1 f6 32.Ka2 Kg7 33.Rd1 Rf7 34.Rfd2 Re4 35.b3 Qa7 36.Qd3 Re5
37.Qb5 Qa8 38.Qc4 Qe8 39.Rd5 Re2 40.Rd8 Qe4 41.Qxe4 Rxe4 42.R1d2 c4 43.Rc8 cxb3+
44.cxb3 f5 45.a4 f4 46.Rc6 g5 47.Ka3 Re3 48.a5 h5 49.a6 g4 50.hxg4 hxg4 51.Rb6 Ree7
52.Rf2 f3 53.gxf3 gxf3 54.Rb7 Re6 55.Rxf7+ Kxf7 56.Rxf3+ Ke7 57.Rd3 Rxa6+
58.Kb4 Ra8 59.Kc5 Rc8+ 60.Kb6 Rb8+ 61.Kc6 Ke6 62.Rd6+ Ke7 63.Rd7+ Ke6 64.Rb7 Rc8+
65.Kb6 Kd5 66.b4 Kc4 67.Ka7 Rh8 68.b5 Rh2 69.Ka6 Kb4 70.Rg7 Ra2+ 71.Kb6 Kc4
72.Kc6 Kd4 73.Rd7+ Ke5 74.b6 Ke6 75.Rd3 Rc2+ 76.Kb7  1-0